[Event "Negroponte op"]
[Site "Chalkis"]
[Date "2010.08.16"]
[Round "8"]
[White "Atalik, Suat"]
[Black "Burmakin, Vladimir"]
[Result "1/2-1/2"]
[WhiteElo "2607"]
[BlackElo "2605"]
[Annotator "Atalik,S"]
[PlyCount "35"]
[EventDate "2010.08.09"]
[EventType "swiss"]
[EventRounds "9"]
[EventCountry "GRE"]
[SourceTitle "CBM 137 Extra"]
[Source "ChessBase"]
[SourceDate "2010.09.01"]
[SourceVersion "1"]
[SourceVersionDate "2010.09.01"]
[SourceQuality "1"]

1. d4 d5 2. c4 c6 3. Nf3 Nf6 4. Nc3 e6 5. Bg5 Nbd7 6. cxd5 {Difficult decision.
I have to reckon that I have always been bad with the Carlsbad structure(s).} (
6. e3 Qa5 {Cambridge Springs Defence is one of the oldest branches of
Semi-Slav and it is difficult to break it.} 7. cxd5 Nxd5 8. Qd2 Bb4 (8... N7b6
9. Bd3 Nxc3 10. bxc3 Nd5 11. O-O Qxc3 12. Qe2 Be7 13. Bxe7 Nxe7 14. Ne5 Ng6 15.
Bxg6 hxg6 16. Qf3 O-O 17. h4 $44) (8... Nxc3 9. bxc3 b6 10. Bd3 Ba6 11. O-O $14
) 9. Rc1 h6 (9... c5 10. Bc4 (10. a3 $1 Bxc3 11. bxc3 b6 12. c4 Qxd2+ 13. Nxd2
N5f6 $11 {a common ending.}) 10... cxd4 11. Qxd4 Bxc3+ 12. bxc3 O-O 13. e4 N5f6
14. e5 Nd5 15. O-O $14) (9... O-O 10. Bc4 $5 (10. Bd3 c5 11. a3 Bxc3 12. bxc3
cxd4 (12... b6 $2 13. e4) 13. cxd4 Qxa3 14. e4 Nb4 15. Bb1 b6 16. O-O $44)) (
9... N7b6 10. a3 Bxc3 11. bxc3 Qxa3 12. e4 Ne7 13. Bd3 $44) 10. Bh4 c5 11. Bc4
{A new breath in this line.} (11. a3 Bxc3 12. bxc3 b6 13. c4 Qxd2+ 14. Nxd2 Ne7
$1 15. f3 (15. Bd3 Bb7 16. f3 f5 $1 $11) 15... Nf5 16. Bf2 Ba6 17. Bd3 Ke7 18.
Ke2 Rhd8 $11) 11... cxd4 (11... N7b6 $6 12. Bxd5 Nxd5 13. a3 Bxc3 14. bxc3 $16)
(11... Nxc3 12. bxc3 Ba3 13. Rb1 a6 14. Be2 $16) 12. Qxd4 Bxc3+ 13. bxc3 O-O
14. O-O $14 (14. e4 $2 Nf4 15. O-O Nb6 $17 {That is why interpolation of h6
Bh4 is important.})) 6... exd5 7. e3 Be7 8. Bd3 $5 {Once open a time this move
was condemned to be a mistake.} (8. Qc2 Nh5 9. h4 $5 {is an annoying move a la
Janowski. I have to start studying more if there is any room for improvement
with my chess.} (9. Bxe7 Qxe7 10. O-O-O Nb6 11. h3 g6 12. Bd3 Ng7 13. g4 {
another over worn line.} Be6 (13... Bd7 14. Kb1 O-O-O 15. Na4 Nxa4 16. Qxa4 Kb8
17. Rc1 Rc8 18. Ka1 $40) 14. Kb1 O-O-O 15. Na4 Nxa4 16. Qxa4 Kb8 17. Rc1 Ne8
18. Rc3 Nd6 19. Rhc1 (19. Ra3 Nc8) 19... f6 20. Ra3 Nc8 21. Qa5 g5 22. Rb3 Nb6
23. Ra3 (23. Nd2 h5 24. Ra3 Nc8 25. Nb3 b6 $13 26. Qe1 hxg4 27. hxg4 Qd6 $132)
23... Nc8 24. Rb3 Qc7 25. Qxc7+ Kxc7 $132 {and eventually h5 comes.}) 9... Ndf6
10. g3 $5 (10. Bd3 h6 11. Bf4 $5 {In the footsteps of Alekhine and Janowski.} (
11. Bxf6 Nxf6 12. O-O-O Ng4 13. Kb1 Be6 14. g3 O-O 15. Rhf1 Rc8 $13 {Why
should Black be worse?}) 11... Nxf4 12. exf4 Bg4 13. Ne5 Qb6 14. f3 Be6 15. Qf2
$13) 10... h6 11. Bf4 $13 {a la Bernstein and in the mouth of insanity.}) 8...
h6 $5 (8... Ne4 9. Bf4 Ndf6 (9... f5 10. O-O O-O 11. h3 $14 {looks
positionally very OK.}) 10. Qc2 Bf5 11. Ne5 g6 12. O-O O-O 13. f3 Nd6 14. Bxf5
Nxf5 15. g4 Ng7 $13) (8... Nh5 9. Bxe7 Qxe7 10. O-O O-O 11. Qb1 Nhf6 12. b4 $14
{wins some tempi for the minority attack.}) 9. Bf4 $5 (9. Bh4 Ne4 $5 (9... O-O
10. Qc2 Re8 11. Bg3 $14) 10. Bxe7 Qxe7 11. Qc2 $14) 9... Nh5 10. Be5 Nxe5 11.
Nxe5 {A standart reaction a la Pillsbury.} (11. dxe5 $5 g6 12. Qc2 (12. Nd4 O-O
13. O-O Ng7 14. Qc2 $14) 12... O-O 13. O-O Ng7 14. Nd4 c5 15. Nf3 Be6 16. Rfd1
Qb6 17. e4 d4 18. Nd5 Qd8 19. Bc4 Bg4 20. b4 $13) 11... Nf6 12. O-O Bd6 13. f4
Qe7 (13... O-O 14. Qf3 c5 15. Rad1 cxd4 16. exd4 Qb6 17. Rf2 $40) 14. Qf3 (14.
Re1 O-O (14... Be6 15. f5 Bd7 16. e4 dxe4 17. Nxe4 Bxe5 18. dxe5 Nxe4 19. Bxe4
O-O-O 20. Qd4 Kb8 21. Qc3 Qg5 $13 {the over expanded pawn structure made me
worried.}) 15. Qf3 $14) 14... Be6 15. Rac1 $5 {This move cuts out the
possibility of castling long for Black and still the rook may be useful on c1.}
g6 (15... O-O-O $6 {A real form of castling into the attack.} 16. Nb5 (16. f5
Bd7 17. Nxd5 Nxd5 18. Qxd5 Bxe5 (18... f6 $5 19. Ng4 (19. Nf7 $2 Qxe3+ 20. Kh1
Qxd3 (20... Bc7 21. Qc4) 21. Qxd6 Bxf5 22. Nxd8 Rxd8 $44) 19... h5 20. Nf2 Bc7
21. Qf3 Qd6 22. Qh3 $16) 19. Qxe5 Qxe5 20. dxe5 Rde8 21. e6 fxe6 22. f6 gxf6
23. Rxf6 $16) 16... Bb8 17. a3 a6 18. Nc3 $16) 16. a3 $1 {A good waiting move.}
(16. g4 $2 Nxg4 17. Nxg4 Bxg4 18. Qxg4 Qxe3+ $19) (16. h3 Bf5 17. Bxf5 gxf5 $13
) 16... Bf5 17. Bxf5 gxf5 18. Rc2 {I was tired and did not want to risk
against the grandmaster.} (18. Rc2 Qe6 (18... h5 $5 19. b4 a6 20. Na4 Ne4 21.
Nc5 Rh6 $132) 19. b4 O-O 20. b5 cxb5 21. Nxb5 Ne4 $132) (18. b4 a5 19. b5 Bxa3
20. Rc2 O-O 21. Qh3 Ng4 22. Rf3 $13) 1/2-1/2

[Event "Moscow op 01st"]
[Site "Moscow"]
[Date "2005.03.03"]
[Round "9"]
[White "Atalik, Suat"]
[Black "Jonkman, Harmen"]
[Result "1/2-1/2"]
[WhiteElo "2560"]
[BlackElo "2399"]
[Annotator "Atalik,S"]
[PlyCount "100"]
[EventDate "2005.02.25"]
[EventType "swiss"]
[EventRounds "9"]
[EventCountry "RUS"]
[SourceTitle "CBM 106"]
[Source "ChessBase"]
[SourceDate "2005.06.06"]
[SourceVersion "1"]
[SourceVersionDate "2005.06.06"]
[SourceQuality "1"]

1. c4 {I did not want to allow him to play what he knows the best: QGA.} e6 2.
d4 d5 3. Nc3 Nf6 4. cxd5 exd5 5. Bg5 {Karlsbad gives some interesting options
to white.} Be7 (5... c6 6. Qc2 $5 {is another branch of Karlsbad.} (6. e3 Bf5
$5 7. Qf3 Bg6 8. Bxf6 Qxf6 9. Qxf6 gxf6 10. Nf3 $14)) 6. e3 c6 7. Bd3 Nbd7 ({
It is too early for} 7... Ne4 8. Bxe7 Qxe7 9. Nge2 $14) 8. Bf4 $5 ({I did not
want to give him} 8. Qc2 Nh5 9. Bxe7 Qxe7 10. Nge2 Nb6 $132) 8... Nf8 (8... O-O
9. h3 Re8 10. Nf3 Nf8 11. Qc2 $14 {is back to the normal lines.}) 9. h3 Bd6 10.
Bxd6 Qxd6 11. Qc2 g6 $6 {I believe it is too early for this.} (11... Ng6 $6 {
in general regarded low since black knights will be harrassed by white pawns
march.} 12. O-O-O O-O 13. g4 Bd7 14. Nge2 $40) (11... Ne6 $142 12. Nf3 $1 ({
He was obviously afraid of} 12. f4 $6 c5 $1 13. Nge2 (13. f5 cxd4 14. fxe6 dxc3
15. exf7+ Kxf7 $17) 13... cxd4 14. exd4 Nxf4 $17) 12... O-O 13. g4 g6 14. O-O-O
Ng7 15. Kb1 $14) 12. f3 $1 {How many times you have seen in a Karlsbad white
is able to tranfer his queen to f2 without losing a tempo and doing so he
builds up his center.} Nh5 $6 {Black is overreacting!} ({The endgame is
welcomed after} 12... Qg3+ 13. Qf2) (12... Ne6 13. Qf2 O-O 14. Nge2 $14) 13. g4
Ng7 (13... Ng3 $2 14. Rh2) 14. O-O-O (14. Qh2 Qe7) 14... Be6 (14... h5 15. Nge2
) 15. f4 $1 {I have changed my attacking scheme} ({being unsatisfied with} 15.
Nge2 O-O-O 16. e4 f6 17. f4 (17. Nb5 Qe7) 17... dxe4 18. Nxe4 Qe7 $14) 15...
O-O-O $2 (15... f5 $8 16. Qg2 Nd7 17. Nf3 Nf6 18. Ne5 O-O (18... Ne4 $2 19.
gxf5) 19. Kb1 $16 {White has all the prospects in his position.}) 16. f5 $40 {
Now the attack is very strong.} gxf5 17. gxf5 Bd7 18. Nf3 f6 (18... Kb8 19. Ne5
Be8 20. e4 dxe4 21. Bxe4 f6 22. Nc4 Qb4 23. Qd3 Ka8 24. d5 $1 Bh5 25. Rd2 $18)
19. Nb5 $1 {Pushing his queen out of b8-h2 diagonal.} ({Alternatives does not
give white the maximum out of the his favorable position.} 19. Kb1 Kb8 20. e4 (
20. Rhg1 $6 Ne8 $14) 20... dxe4 21. Bxe4 Qf4 22. Rhg1 $16) (19. e4 $2 dxe4 $1 (
19... Qf4+ $2 20. Kb1 Qxf3 21. Nxd5 $1 $44) 20. Nxe4 Qf4+ $15) (19. Rhg1 $6 Ne8
20. Kb1 Kb8 $14) 19... Qe7 20. e4 $2 (20. Rhe1 {was even better.} a6 21. Nc3
Kb8 22. e4 dxe4 23. Qh2+ Ka8 24. Bxe4 Qb4 25. d5 $18) (20. Rde1 $6 a6 21. Nc3
Kb8 22. e4 dxe4 23. Qh2+ Ka8 24. Bxe4 Qb4 $14) 20... dxe4 21. Bxe4 Qb4 $2 (
21... a6 22. Nc3 Qd6 23. Kb1 Kb8 24. d5 c5 25. Nd2 b5 $1 $132) 22. Bd3 $1 {
After this well calculated move black's queenside is in big trouble.} Nxf5 23.
Nxa7+ (23. a3 $2 Qa5 24. d5 (24. b4 Qb6 25. a4 Ne3 26. Nd6+ Kb8 $8 27. Qh2 Ka8
$17) 24... Ne3 25. Qc5 Kb8 26. Qxe3 cxb5 $40) 23... Kb8 24. Bxf5 Kxa7 25. Qc5+
$1 {The pin should have brought white the victory.} Qb6 $2 {He lost even a
tempo. Calculating over my 22nd move I have almost given up the line for white
but as it frequently happens with chessplayers an extra second of look usually
brings you the solution.} (25... Qxc5+ 26. dxc5 Rg8 27. Rd6 Rg7 $1 (27... Kb8
28. Rhd1 Kc7 29. Rxf6 Bxf5 30. Rxf5 Rxd1+ 31. Kxd1 Nd7 32. b4 Rg3 33. h4 $18)
28. Nd4 (28. Rhd1 $6 Bxf5 29. Rxd8 Ne6 30. R8d6 Nxc5 31. Rxf6 Bxh3 $44) 28...
Ng6 $1 29. Bxg6 Rxg6 30. Rd1 Rg5 31. b4 Rd5 32. Nb5+ $18) 26. Rd3 {This is the
point.} Qxc5+ 27. dxc5 Rg8 28. Nd2 $2 {I was annoyed by the possibility of Rg3.
This effected my calculations.} (28. Nh4 $2 Ng6 29. Bxg6 hxg6 30. Rhd1 Rg7 $11)
(28. Rhd1 $1 {was easy and effective.} Rg3 29. Nh4 (29. h4 h6 30. Re3 Kb8 31.
Rd6 Kc7 32. Rxf6 Bxf5 33. Rxf5 $18) (29. Nh2 $6 Rxd3 30. Rxd3 Kb8 31. Rd6 Kc7
32. Rxf6 Bxf5 33. Rxf5 Ne6 34. Ng4 $18) 29... Rxd3 30. Rxd3 Ka6 31. a3 $18)
28... Rg7 $2 {He also lost his sang froid.} (28... Rg5 $2 {is easy to see.} 29.
Rf1 Kb8 30. Ne4 $18) (28... Kb8 $1 29. Rd6 $8 (29. Re1 $2 Kc7 30. Re7 Rg5 31.
Rf3 Kb8) (29. Ne4 $2 Re8 30. Nxf6 Bxf5 31. Rf3 Rg5 32. Nxe8 (32. h4 Be4 33.
Nxe4 Rge5 $11) 32... Be4 33. Rhf1 Bxf3 34. Rxf3 Rxc5+ $11) 29... Kc7 30. Rxf6
Bxf5 31. Rxf5 Rg2 32. Rf7+ Rd7 33. Rhf1 Rgxd2 34. Rxd7+ Rxd7 35. Rxf8 {looks
like a drawish endgame to me.} Rg7 36. a3 $1 b6 37. cxb6+ Kxb6 38. Rf6 Kb5 39.
Rh6 c5 $132) 29. Nc4 Bxf5 $1 (29... Re8 $4 30. Nb6 $1 $18 {was the point in28.
Nd2.}) 30. Rxd8 Ne6 31. Rd6 $5 {Greedy but looking at the circumstances it is
a good decision.} (31. Rd2 $6 Nxc5 32. Nd6 Nd3+ 33. Kd1 Bg6 34. Rf1 Bh5+ 35.
Kc2 Nb4+ 36. Kc3 Nd5+ 37. Kd4 Kb6 $14) (31. Rhd1 $4 Nxd8 32. Rxd8 Rg2 $17) (31.
Rdd1 Nxc5 32. Nd6 Be6 33. b3 Rg2 34. Rd2 Rg3 35. h4 Bxb3 36. axb3 Nxb3+ 37. Kc2
Nxd2 38. Kxd2 $16) 31... Nxc5 32. Rxf6 (32. Ne3 Be4 33. Rhd1 Rg3 $11) 32... Be6
$1 $138 {An interesting decision.} (32... Nd3+ $6 33. Kd2 Nf2 34. Rxf5 Nxh1 {
The knight will have difficulties to come back in the game!} 35. Ke3 Ng3 36.
Re5 h5 $1 37. Kf4 $16) (32... Be4 $6 33. Rh2 $16) 33. b3 Rg2 34. Kb1 $6 {
The quality of the game seriously dropped down in the time scramble.} (34. Nb2
Bd5 $44) (34. Nd2 $1 Rxd2 35. Rxe6 Rxa2 36. Kb1 Rd2 37. Rh6 Nxb3 38. Rxh7 c5
39. h4 c4 40. Rc7 $1 (40. Rh3 $2 Ka6 41. h5 b5 42. Rc7 Kb6 $11) 40... Re2 41.
Rh3 Kb6 42. Rg7 $18) 34... Bd5 $2 {But this is bad.Herman loses his tenacity.}
(34... Bxc4 $1 35. bxc4 Ne4 36. Re6 Nc3+ 37. Kc1 Nxa2+ $1 (37... Rxa2 $2 38.
Rhe1 Ra4 39. Kb2 Rxc4 40. Kb3 Rc5 41. Rh6 $18) 38. Kd1 Nc3+ 39. Ke1 h5 40. h4
b5 41. cxb5 cxb5 42. Rf1 Rg7 43. Rf5 Rh7 44. Ree5 $18) 35. Nd6 $138 Nd3 36. Rd1
$1 (36. Rhf1 $2 Rb2+ 37. Ka1 Rh2 38. Rh6 Nb4 39. Rxh7 c5 $132) 36... Nb4 37.
Rf4 $1 $18 {Now finally white has a winning position.} Nc2 38. Ra4+ $6 {
This check was not necessary at all.} (38. Kc1 $1 {wins easily.} Ne3 39. Re1 (
39. Rd2 Rg1+ 40. Kb2 Rg6 41. Rd3 $1 $18) 39... Rc2+ (39... Rg3 40. Kd2 Ng2 41.
Ra4+ Kb6 42. Re7 $18) 40. Kb1 Rc3 41. Rb4 $1 (41. Rc1 Rd3) 41... b5 42. Rxb5
$18) 38... Kb8 39. Rc1 $2 (39. Kc1 Ne3 (39... b5 40. Rg4 {Starting from this
point I have never noticed the idea that I can use the rook horizontally.} Rh2
41. Rd2 $18) 40. Re1 Rg3 41. Kd2 Ng2 42. Re7 c5 43. Rxh7 $18) 39... b5 40. Ra5
$2 {This was the last mistake.} (40. Rg4 Na3+ 41. Ka1 Rh2 42. Rg7 Nc2+ 43. Kb2
Nd4+ 44. Kb1 Rxh3 45. Rf1 (45. Re1 Ne6 46. Re7 Rh6 47. Rf1 $18) 45... Nf3 46.
Rf2 $18) 40... Nb4 {This caused some confusion in me.} (40... Nd4 {may even be
better and white is not even better anymore.} 41. Re1 Kc7 42. Ne8+ Kb6 43. Ra8
Bf7 $40) 41. Re1 $6 (41. Nxb5 {Good or bad I had to give back the exchange. I
became really low on time around this part fo the game.} Be4+ 42. Ka1 Nd3 (
42... Nc2+ 43. Rxc2 Rxc2 44. Nd6 Bd5 45. Ra4 $14) 43. Nd6 Nxc1 44. Nxe4 Nd3 45.
a4 Nf4 $11) 41... Kc7 42. Ne8+ (42. Nf5 $2 Nd3 43. Rf1 Be4 $17) 42... Kb6 43.
Ra8 Kb7 $2 ({He did not see} 43... Bf7 {either in that moment.}) 44. Ra3 Kb6 $2
(44... Nd3 45. Re7+ Kb6 46. Nf6 Rb2+ 47. Ka1 Rd2 48. Kb1 $11) 45. Ra8 $4 (45.
Nf6 Bf7 46. Nd7+ Kb7 47. Nf8 $1 {I did not notice this great move despite
looking at the position for all of my remaining time.} (47. Re7 $2 Bg6+ 48. Kc1
Nd3+ 49. Kb1 (49. Kd1 $4 Bh5+ $19) 49... Nb4+ $11 (49... Rg1+ 50. Kc2 Rg2+ $11)
) (47. Ne5 $2 Nc2 $1 (47... Be6 $40 {I have only seen this one.}) 48. Nxf7
Nxa3+ 49. Kc1 Kb6 $19) 47... Nd5 48. Kc1 $13 {and the fight continues.}) 45...
Bf7 $1 {This knocked me out of my socks. I was expecting to repeat the moves
and pile up some time. Now I had to try to make a draw.} 46. Rb8+ $8 (46. Nd6
$4 Bg6+ 47. Ne4 Nc2 $19) 46... Ka5 $2 {He should have tried to win this
position.} (46... Ka7 $1 47. Re7+ Kxb8 48. Rxf7 Nxa2 $1 (48... h5 49. Nf6 Nxa2
(49... h4 50. Rh7 Nxa2 51. Rxh4 Nc3+ 52. Kc1 Kc7 53. Ne4 Nxe4 54. Rxe4 $11) 50.
Nxh5 Nc3+ 51. Kc1 Ne2+ 52. Kb1 Rh2 53. Nf4 Nxf4 54. Rxf4 Rxh3 55. Kb2 $11) 49.
Rxh7 Nc3+ 50. Kc1 Ne2+ 51. Kd2 (51. Kb2 $2 Nd4+ 52. Ka3 c5 53. b4 c4 54. Nd6
Rg3+ $19) 51... Nd4+ 52. Kd3 Nxb3 53. Kc3 Nc5 54. Kb4 Nb7 (54... Nd3+ 55. Ka5
Rg6 56. Kb6 Kc8 57. h4 b4 58. h5 Re6 59. Ng7 Re5 60. h6 b3 61. Rh8+ Kd7 62.
Rd8+ Kxd8 63. h7 Re8 64. Nxe8 b2 65. h8=Q b1=Q+ 66. Kxc6 Qc2+ 67. Kb6 Qc5+ 68.
Kb7 Qb5+ 69. Ka7 $11) (54... Ne4 55. Ka5 $44) 55. Nf6 Ka7 56. Nd7 Rg5 57. Rh6
$11) 47. Ra8+ Kb6 48. Rb8+ Ka5 (48... Kc5 $5 {This is not as effective as 46...
Ka7 but who knows what will happen in a time trouble.} 49. Rc1+ Kd4 50. Rd8+
Bd5 (50... Ke3 $2 51. Rc3+ Kf4 52. Rd4+ $18) 51. Nc7 Nd3 $44) 49. Ra8+ Kb6 50.
Rb8+ Ka5 1/2-1/2

[Event "Belgrade Trophy 28th"]
[Site "Belgrade"]
[Date "2014.12.01"]
[Round "8"]
[White "Martic, Ivan"]
[Black "Atalik, Suat"]
[Result "1/2-1/2"]
[WhiteElo "2384"]
[BlackElo "2551"]
[Annotator "Atalik,S"]
[PlyCount "88"]
[EventDate "2014.11.24"]
[EventType "swiss"]
[EventRounds "9"]
[EventCountry "SRB"]
[SourceTitle "CBM 164"]
[Source "ChessBase"]
[SourceDate "2015.01.15"]
[SourceVersion "1"]
[SourceVersionDate "2015.01.15"]
[SourceQuality "1"]

1. d4 e6 2. c4 Nf6 3. Nc3 d5 4. cxd5 exd5 5. Bg5 c6 6. e3 h6 $5 7. Bh4 Bd6 $5 {
A fresh attempt to rehabilitate the QGD Karlsbad structure.} 8. Bd3 O-O 9. Nge2
{In the event of Bd6 I believe a switch to Nf3 is more effective than Nge2
known as the Botvinnik System.} (9. Nf3 Bg4 $5 10. Qc2) (9. Qc2 Re8 10. Nf3 Bg4
$5 (10... Nbd7 11. O-O $1 (11. O-O-O Qa5 12. Kb1 Ne4 $1 {Ovetchkin} 13. Nxe4 $2
dxe4 14. Bxe4 Rxe4 15. Qxe4 Nf6 16. Qc2 Bf5 17. Rd3 Nd5 18. a3 Qb5 19. Rhd1
Bxa3 $19) 11... Nf8 (11... Be7 12. Bg3 $1 a6 $14) 12. Rae1 Bg4 13. Nd2 Be6 14.
f4 Be7 15. Nf3 $16)) 9... Re8 10. Qd2 $146 {Ivan is insistent on pushing f3.} (
10. h3) ({and} 10. Qc2 a5 $1 {are some other ideas.}) 10... Nbd7 11. f3 b5 12.
O-O b4 13. Nd1 $5 ({I was expecting more} 13. Na4 c5 14. dxc5 (14. Bb5 c4)
14... Nxc5 15. Nxc5 Bxc5 16. Nd4 (16. Bf2 $2 Ne4) 16... Qb6 17. Rac1 $1 Nd7 $1
$132) 13... c5 14. b3 $5 (14. dxc5 Bxc5 15. Nd4 Qb6 16. Rc1 Ba6 $1 $13) 14...
a5 15. dxc5 Bxc5 16. Kh1 $6 {White obviously does not need this move.} (16. Rc1
Qb6 17. Nd4 Bxd4 18. exd4 Ba6 19. Bxa6 Rxa6 $11) 16... Qb6 17. Nd4 Ne5 ({
The simple} 17... Ba6 $5 {also seems logical.}) 18. Be2 Bxd4 19. exd4 Ng6 $1 ({
I am reluctant to pick up a pawn with} 19... Nc6 20. Bxf6 gxf6 21. Nb2 Qxd4 22.
Rfd1 Qxd2 23. Rxd2 $44 {since the pawn structure is ugly.}) 20. Bf2 {Black is
at the junction point for several roads.} Rxe2 (20... Nf4 21. Re1 $1 (21. Qxf4
$6 Rxe2 22. Ne3 Bd7 $17 ({After} 22... g5 23. Qe5 {the queen still has a
square.})) 21... Nxe2 22. Rxe2 Rxe2 23. Qxe2 a4 24. bxa4 Rxa4 25. Rb1 Ba6 26.
Qd2 Bc4 27. Rb2 Qa7 28. h3 Rxa2 29. Rxa2 Qxa2 30. Qxb4 Qe2 31. Qe1 $11 {
still keeps the balance.}) (20... Ba6 21. Bxa6 Qxa6 22. Ne3 Rac8 (22... Nf4 23.
Nf5) 23. Rfc1 $11) 21. Qxe2 Ba6 22. Qe1 Re8 $2 {However this is the exact
point where I missed my chance.} (22... Bxf1 $1 23. Qxf1 Rc8 24. Qd3 Qc6 25.
Ne3 Nf4 26. Qd2 Qc3 27. Rd1 Qxd2 28. Rxd2 Rc1+ 29. Nd1 (29. Rd1 Ne2 $17) 29...
Ne2 30. Rxe2 Rxd1+ 31. Bg1 g5 $17) 23. Be3 ({There is no need for} 23. Ne3 $6
Bxf1 24. Qxf1 Qxd4 25. Nc4 Qf4 26. Nxa5 Rc8 $17) 23... Nf4 (23... Bxf1 24. Qxf1
Rc8 25. Qd3 $132) 24. Rg1 Ne2 25. Qd2 $5 {A practical and a good decision at
the same time.} (25. Rf1 Nxd4 26. Qf2 (26. Rf2 $2 Nf5 $19) (26. Rg1 Qe6 $17)
26... Bxf1 27. Bxd4 Qa6 28. Ne3 Bd3 29. Qd2 $44) 25... Nxg1 26. Kxg1 Qb5 $5 (
26... Rc8 27. Nb2 Bb5 28. Rc1 Rxc1+ 29. Qxc1 $11) 27. Nb2 Nd7 28. Rc1 $5 $138 (
{A more or less safer approach is} 28. Na4 Qe2 29. Qxe2 Bxe2 30. Kf2 Bb5 31.
Nc5 Nxc5 32. dxc5 $11) 28... Nb6 (28... f5 29. Na4) 29. h3 a4 $5 {I thought
that I should combine an attack on the a2-pawn and the e-file simultaneously.}
(29... Re6 30. Rc5 Qe8 31. Bf2 Re2 32. Qc1 $13) (29... f5 $6 30. Bxh6 $1) 30.
Nxa4 Nxa4 31. bxa4 Qxa4 32. Rb1 Bc4 33. Rxb4 Qa3 34. Bf2 Bxa2 {In the other
lines White also has a simple means to equalise.} (34... g5 35. Qb2 $1 $11) (
34... Re2 35. Rb8+ Kh7 36. Qf4 Bd3 37. Qxf7 Qc1+ 38. Kh2 Rxf2 39. Qg8+ Kg6 $11)
35. Qb2 Qxb2 (35... Qa8 36. Bg3 $11) 36. Rxb2 Bc4 $11 {Here I should have
called it a day!} 37. g4 f5 38. Kg2 (38. gxf5 Rf8 39. Bg3 Rxf5 40. Kf2 $11)
38... f4 39. h4 Re6 (39... g5 40. Rb6 Kg7 41. h5 $11) 40. h5 Kf7 41. Rb7+ Kf6
42. Bh4+ g5 43. Bf2 (43. hxg6+ Kxg6 44. Re7 $11) 43... Re7 44. Rxe7 Kxe7
1/2-1/2

[Event "Panormo zt"]
[Site "Panormo"]
[Date "1998.10.29"]
[Round "6"]
[White "Atalik, Suat"]
[Black "Djuric, Stefan"]
[Result "0-1"]
[WhiteElo "2585"]
[BlackElo "2500"]
[Annotator "Atalik,S"]
[PlyCount "80"]
[EventDate "1998.10.24"]
[EventType "swiss"]
[EventRounds "11"]
[EventCountry "GRE"]
[SourceTitle "EXT 2002"]
[Source "ChessBase"]
[SourceDate "2001.11.25"]
[SourceVersion "1"]
[SourceVersionDate "2001.11.25"]
[SourceQuality "1"]

1. d4 Nf6 2. c4 e6 3. Nc3 d5 4. Nf3 Nbd7 5. cxd5 exd5 6. Bf4 c6 7. Qc2 Be7 8.
h3 Nf8 9. e3 Ng6 10. Bh2 Bd6 11. Bxd6 Qxd6 12. Bd3 Be6 13. O-O O-O 14. Ng5 $1
$146 Bd7 15. b4 $1 Rfe8 16. Rad1 Rad8 17. Rfe1 $2 (17. a3 Bc8 18. Rfe1 $14)
17... Qe7 $2 {Accompanied with a draw offer.} (17... Qxb4 18. Rb1 Qa5 19. Rxb7
c5 $17) 18. a3 $16 {After the ouble overlook white is clearly better.} Nh5 $2 {
That is not the way to prevent e4 pawn trust.} (18... Nf8 $142) 19. f4 Qd6 20.
Nf3 Nf6 21. Ne5 b6 22. g4 $5 (22. Rc1 $1 $18 {is even better.}) 22... Bc8 23.
Qa4 $18 b5 24. Qxa7 Nd7 25. Bxg6 hxg6 26. Kg2 $1 (26. Nxd7 Rxd7 27. Qc5 Qf6)
26... g5 27. Nxd7 Rxd7 28. Qc5 Qh6 $6 (28... Qf6 29. f5 (29. fxg5 $2 Qxg5 30.
Qxc6 Rde7 $40) 29... Rde7 30. e4 dxe4 31. Re3 g6 32. fxg6 Qxg6 (32... Qf4 33.
d5 $1) 33. d5 cxd5 34. Rxd5 f6 35. Nxb5 $18) 29. f5 Rde7 30. e4 dxe4 31. d5 $4
$138 (31. Re3 $18) 31... cxd5 32. Nxd5 $2 (32. Nxb5 e3) (32. Re3 Bb7 33. Nxb5
$14) 32... Re5 33. Qxb5 e3 34. Kh2 Re4 $4 (34... e2 35. Rd2 Bb7 $3 36. Qxb7 Qh4
$19) 35. Nxe3 $1 Ba6 (35... Rxe3 $4 36. Qxe8+ Rxe8 37. Rxe8+ Kh7 38. Rdd8 $18 {
The same them like once Alekhine demonstrated against Colle.}) 36. Qc5 Bb7 $2 (
36... Bf1 $3 37. Nxf1 (37. Rxf1 Rxe3 $19) 37... Rxe1 38. Rxe1 Rxe1 39. Ne3 Re2+
40. Ng2 Qa6 $17) 37. Rd3 (37. Rd6 $2 Qh4 $1 38. Ng2 Rxe1 $3 39. Nxh4 gxh4 $1
$19) (37. Qc3 Qh4 38. Qd2 Rd4 39. Ng2 Rxe1 40. Qxe1 Rxd1 41. Qxd1 Qf2 42. Qg1
$11) 37... Qf6 $6 (37... Qh4 $1 38. Rf1 Ba6 39. Ng2 Bxd3 (39... Re2 $2 40. Rdf3
Rxg2+ (40... Bb7 41. R1f2 Rxf2 42. Qxf2 Qh6 43. Rd3) 41. Kxg2 Bxf1+ 42. Rxf1)
40. Nxh4 Bxf1 41. Nf3 Re2+ 42. Kg1 Bxh3 $19) 38. Qc2 $4 (38. Qc3 Qe7 39. Qc5
Qf6 $11) 38... Qe5+ $19 39. Kg1 Qg3+ 40. Kf1 Rf4+ 0-1